Countries With Four Official Languages - Statistics

General Stats
  • This quiz has been taken 36 times
  • The average score is 10 of 16
Answer Stats
Country Languages % Correct
Switzerland Italian
97%
Switzerland French
94%
Rwanda French
94%
Switzerland German
94%
Singapore English
91%
Rwanda English
91%
Singapore Chinese
88%
Singapore Malay
88%
Switzerland Romansh
71%
Rwanda Swahili
65%
Rwanda Kinyarwanda
59%
Singapore Tamil
53%
Burkina Faso Fula
29%
Burkina Faso Moore
15%
Burkina Faso Bissa
6%
Burkina Faso Dyula
3%
No matching quizzes found
Score Distribution
Percent of People with Each Score
Percentile by Number Answered
Your Score History
You have not taken this quiz